01794nam a2200457 i 450000100060000000300080000600500170001400600190003100700150005000800410006502000270010603500230013303500240015603500250018003500210020504000310022605000240025708000120028108200150029310000210030824501500032926400340047930000400051333600310055333700330058433800430061749000530066050400290071358801250074259001590086765000300102665000310105665000300108765000280111765100120114565500270115779700190118483000540120385600620125799900170131926531FlNmELB20241216215917.0m o d | cr cnu||||||||170310s2012 pe ob 000 0 spa d a9789972513541 (e book) a(MiAaPQ)EBC4795339 a(Au-PeEL)EBL4795339 a(CaPaEBR)ebr11335915 a(OCoLC)991936271 aFINmELBbspaerdacFINmELB 4aLC93.P4bC9652 2012 a342.7330 a344.822231 aCuenca, Ricardo.10aDesencuentros entre el discurso del derecho a la educación y las políticas educativas en el Perú de la década del 2000 /cRicardo Cuenca. 1aLima :bIEP Ediciones,c2012. a1 recurso en línea (75 páginas) atextobtxt2rdacontent/spa acomputadorabc2rdamedia/spa arecurso en líneabcr2rdacarrier/spa1 aDocumento de trabajo ;v179. Serie Educación 4 aContiene bibliografía. aDescripción basada en recurso en línea; Título de la página del título en PDF (e-libro, visto March 10, 2017). aRecurso electronico. Santa Fe, Arg. : e-libro, 2016. Disponible via World Wide Web. El acceso puede ser limitado para las bibliotecas afiliadas a e-libro. 0aRight to educationzPeru. 0aEducation and statezPeru. 4aDerecho a la educación. 4aPolítica educacional. 4aPerú. 4aLibros electrónicos.2 ae-libro, Corp. 0aDocumento de trabajo ;v179. Serie Educación 4.40uhttps://elibro.net/ereader/politecnicointernacional/79484 c26531d26531